000 00865nam a2200253Ia 4500
003 OSt
005 20220923212710.0
006 a|||||r|||| 00| 0
007 ta
008 220922b |||||||| |||| 00| 0 hin d
024 _a155,379
037 _cTextual
040 _aARTS
_cARTS
_bhin
041 _2hin
_ahin
082 _aO15,2D40,11, 152J2-;5
100 _aलक्ष्मणसिंह, राजा, ले.
_9162701
245 0 _aशकुन्तला नाटक
246 _aShakuntalā nāṭaka
260 _aआगरा
_b साहित्य रत्न भण्डार
_c1952
300 _a178पृ.
_ccm.
650 _aहिन्दी साहित्य
_9156264
942 _hO15,2D40,11, 152J2-;5
_cTEXL
_2CC
999 _c310915
_d310915